|
|
|
|
| LEADER |
00725nam a2200253 a 4500 |
| 001 |
adlib96000001 |
| 003 |
ViArRB |
| 005 |
20151026132334.0 |
| 008 |
960221s1955 dcuabcdjdbkoqu001 0deng d |
| 020 |
|
|
|a 9788180381386
|
| 022 |
|
|
|
| 040 |
|
|
|a Adlib
|
| 082 |
|
|
|a 347.7(540)
|
| 245 |
|
|
|a Transfer pricing : an Indian perspective
|
| 250 |
|
|
|
| 260 |
|
|
|a New Delhi
|b Lexis Nexis
|c 2007.
|
| 300 |
|
|
|a xxxi,1267p
|
| 500 |
|
|
|a
|
| 100 |
|
|
|a Butani, Mukesh
|
| 700 |
|
|
|
| 942 |
|
|
|c BK
|6 _
|
| 653 |
|
|
|a Transfer pricing - Law - India
|a Tax administrations - Multinational Enterprises
|
| 999 |
|
|
|c 46625
|d 46625
|
| 952 |
|
|
|0 0
|1 0
|4 0
|6 3477540_BUT
|7 0
|9 59152
|a UL
|b UL
|d 2010-06-16
|o 347.7(540) BUT
|p 00060814
|r 2010-06-16
|w 2010-06-16
|y BK
|